000 00633nam a2200229Ia 4500
003 OSt
005 20220928102645.0
006 a|||||r|||| 00| 0
007 ta
008 220927b |||||||| |||| 00| 0 eng d
024 _a49000
037 _cTextual
040 _aSDCL
_cSDCL
_beng
041 _2eng
_aeng
082 _aO152,1N3:g, N7
100 _aSuresh Gautam
_9399671
245 0 _aMatsayagandhi kavya
_bBacchan Anchal Narendra Sharma.
260 _aDelhi
_bAlokparva Prakashan
_c1977
300 _a173p.
_ccm.
942 _hO152,1N3:g, N7
_cTEXL
_2CC
999 _c715540
_d715540